Polskie miasta według opisu z Wikipedii #1 - Statystyki

Ogólne statystyki
  • Ten quiz został rozwiązany 5 739 razy
  • Średni wynik to 6 z 10
Statystyki odpowiedzi
Opis Miasto % Poprawnych
„Największa miejscowość w bezpośrednim otoczeniu Tatr, duży ośrodek sportów zimowych, potocznie nazywany zimową stolicą Polski.” Zakopane
99%
„Impulsem do budowy miasta była budowa portu, który powstał w celu zapewnienia Polsce dostępu do morskich szlaków i bazy marynarki wojennej po odzyskaniu niepodległości.” Gdynia
93%
„Jest drugim co do wielkości, po Warszawie, rynkiem nowoczesnej powierzchni biurowej.” Kraków
90%
„Był też, w roku 2016, Europejską Stolicą Kultury.” Wrocław
74%
„Pełni funkcję głównego ośrodka administracyjnego, przemysłowego, handlowo-usługowego, akademickiego, kulturalnego i turystycznego obszaru (...) nazywanego potocznie Podbeskidziem.” Bielsko - Biała
54%
„Wśród miast wojewódzkich Polski, jest drugim miastem pod względem gęstości zaludnienia.” Białystok
50%
„Centrum miasta znajduje się ok. 11 km od Morza Bałtyckiego. Obszar miasta sięga południowego brzegu nadmorskiego jeziora Jamno.” Koszalin
42%
„Także najniżej położone miasto w Polsce.” Elbląg
40%
„Patronami miasta są apostołowie Piotr i Paweł, święci Kościoła katolickiego. Święto miasta, jako dzień jego patronów, obchodzone jest 29 czerwca.” Poznań
29%
„Międzynarodowy Festiwal Gombrowiczowski i Festiwal Jazzowy są dziś kulturową wizytówką miasta.” Radom
10%
Nie znaleziono quizów pasujących do podanych kryteriów
Rozkład punktacji
Procent ludzi z każdym wynikiem
Percentyl według liczby udzielonych odpowiedzi
Twoja historia wyników
Nie rozwiązałeś tego quizu